| 000 | 00633nam a2200205 i 4500 | ||
|---|---|---|---|
| 001 | 146080 | ||
| 003 | ES-MaACL | ||
| 005 | 20230906201417.0 | ||
| 007 | t| | ||
| 008 | 070731s1969 sp ||||1| spa d | ||
| 080 | _a86-4"19" | ||
| 100 | 1 |
_aTorres Grueso, Juan. _9110968 |
|
| 245 | 1 | 0 |
_aMeditaciones en Ruidera / _cJuan Torres Grueso ; prólogo de José Antonio Gracía-Noblejas. |
| 250 | _a1ª ed. | ||
| 260 |
_aTomelloso (Ciudad Real) : _bRuidera, _c1969. |
||
| 300 |
_a182 p., 4 h. : _bil. ; _c17 cm. |
||
| 700 | 1 |
_aGarcía Noblejas, José Antonio. _9218139 |
|
| 852 |
_aES-MaACL _jC-40517 _bR.71297 |
||
| 999 |
_c146080 _d146080 |
||